000 00774nam a2200265Ia 4500
001 Para_5301
003 CHAP
008 220125s1918 xx 000 0 und d
010 _a203830
040 _cCHAP
090 _aPA FOLLETO 2642
100 _aPhillips, W. J.
_987842
245 _aThe wheat joint worm and its control /
_c W. J. Phillips
260 _aWashington :
_b Department of Agriculture
300 _a14 p.
440 _aEUA. Dept. of Agriculture Farmers' bull.; 1918
_9169671
650 _aHarmolita tritici Control de plagas Trigo
_x Plagas
_9169752
901 _aPA FOLLETO 2642
902 _aA
905 _a0000001918 WAS 0000000000 00
910 _a1918
942 _cPARA
942 _cPARA
_d1
999 _c203830
_d203830